[Event "RUS-ch"]
[Site "Krasnodar"]
[Date "2002.08.30"]
[Round "4"]
[White "Maiorov, Oleg Ivanovich"]
[Black "Lastin, Alexander"]
[Result "0-1"]
[WhiteElo "2458"]
[BlackElo "2625"]
[Annotator "Lukacs,P"]
[PlyCount "62"]
[EventDate "2002.08.27"]
[EventType "swiss"]
[EventRounds "9"]
[EventCountry "RUS"]
[SourceTitle "CBM 091"]
[Source "ChessBase"]
[SourceDate "2002.11.12"]
[SourceVersion "1"]
[SourceVersionDate "2002.11.12"]
[SourceQuality "1"]

1. e4 {[%mdl 4]} e5 2. Nf3 Nc6 3. Bc4 Bc5 4. c3 Nf6 5. d3 d6 6. Bb3 O-O 7. Nbd2
a6 8. h3 Ba7 9. Nf1 {White is lingering with castles in order to use the f1
square for the N manoeuvre. The K may stay in the middle, and in some cases he
can attack on the >> by g4, Ng3.} d5 {This push in the [+] is the logical
reaction.} (9... h6 $6 {creates only a target for White's advance on the >>.}
10. g4 $1 d5 11. g5 $1 $40 {- Rodriguez-Szmetan, Najdorf final KO 2000 CBM 79})
(9... Nh5 {- Bauer-De Vreugt, Wijk aan Zee B 1999 CBM 69}) 10. Qe2 (10. Ng3 {
allows Black to exchange queens, after which the tension disappears.} dxe4 11.
dxe4 Qxd1+ 12. Bxd1 h6 {/\ Be6} 13. O-O Be6 14. b3 Rfd8 15. Bc2 a5 16. Bb2 a4
17. Rad1 Rxd1 18. Rxd1 Bb6 $11 {V.Atlas-Z.Almasi, AUT-chT Austria 1997}) (10.
exd5 {gives up the [+] without getting anything for that.} Nxd5 11. Ng3 Be6 12.
O-O f6 13. Qe2 Re8 14. Qe4 Qd7 15. Bd2 Rad8 16. Rad1 Qf7 $13 {
Kofidis-Stefansson, Athens op 1993}) 10... d4 (10... Re8 11. Bg5 (11. Ng3 h6
12. O-O Be6 $11 {and although White has spared Re1, this is not a big deal.}) (
11. g4 $5 Be6 12. Bg5 (12. Ng3 Na5) 12... dxe4 13. dxe4 Bxb3 14. axb3 Qd6 15.
Ng3 Nd7 $11 {- And.Rodriguez-Diego, Najdorf final K.O. CBM 79}) 11... dxe4 12.
dxe4 Be6 13. Ng3 h6 14. Rd1 Qe7 15. Bc1 Rad8 {and Black has finished
comfortably his development.} 16. O-O Rxd1 17. Rxd1 Rd8 $11 {
Nevednichy-Mannion, Moscow ol (Men) 1994}) (10... h6 {is again strongly met by}
11. g4 $1 dxe4 12. dxe4 Be6 13. g5 $5 $13 (13. Ng3 $6 Nd7 {(Rossi-Bykhovsky,
Reggio Emilia 1981)} {and still} 14. g5 $1 {is required.})) (10... dxe4 {
Black wants to simplify the position, but here he can't get more than a
roughly equal position. It is not necessary to give up the tension in the [+]
too early.} 11. dxe4 Be6 {Black is not afraid of the doubled pawns, because
then he covers >< d5 and f5 and opens the f <->.} (11... Qe7 {/\ Be6} 12. Ne3
Be6 13. Bc2 {White wants to keep the tension, but the exchange of the
light-squared B is strategically good for him.} Rad8 (13... h6 14. g4 $5) 14.
Ng5 Bc8 15. O-O h6 16. Nf3 Be6 {and now the advance on the >> is not dangerous
anymore.} 17. Nh2 {/\ Qf3, Nf5, Ng4 is the typical plan for White.} Rfe8 18.
Qf3 Qf8 19. Nf5 Nh7 20. h4 Ne7 21. h5 {This irreversibily weakens the dark
squares.} Nxf5 22. exf5 Bd5 23. Qg3 Kh8 24. Ng4 f6 25. Ne3 Bf7 $11 {
Komliakov-Frolov, Seversk 1997}) (11... h6 {is again met by the standard} 12.
g4 $5 (12. Be3 Bxe3 $11)) (11... Nh5 $5 {fighting against Ng3} 12. g3 (12. N1h2
Nf4) (12. Bg5 Qd6 13. Rd1 Qg6 14. g3 Nf6 15. Bc2 Be6 16. b3 Rfd8 $13 {
Berzins-Paldanius, Tempere op 1999}) 12... Nf6 {The N has done his job.} 13. g4
(13. Bc2 Qe7 14. Be3 Rd8 15. Bxa7 Rxa7 16. Ne3 g6 17. Nd2 Be6 18. f4 exf4 19.
gxf4 Raa8 {and White has to play cautiously because of his weakened pawns.} 20.
Qf2 Re8 $13 {Jaracz-Narciso Dublan, EU-ch 2nd Ohrid 2001}) (13. Bg5 h6 14. Rd1
Qe7 $11) 13... Nd7 (13... Qe7 14. Ne3 (14. Bg5 Rd8 15. Ng3 (15. Ne3 Bxe3 $1 {
This is a typical exchange here.} 16. Qxe3 Be6) 15... h6 $11) 14... Bxe3 $1 15.
Bxe3 Be6 $11 {and White has to give up the ^^, or go to a passive place with
his B.}) 14. Ne3 Nc5 15. Bc2 Ne6 {trying to exploit the weakness of >< f4.} (
15... a5 $6 {is rather useless here.} 16. O-O $14 {Gonzales-Gomez, CUB-ch
Holguin City 2002CBM 89}) 16. Nd5 (16. Nf5) 16... Re8 17. Be3 Bxe3 18. fxe3 {
defending >< f4, but ruining the P structure.} Nb8 19. Nxe5 c6 $1 (19... Nc5 {
(Komliakov-Nikolenko, Moscow 1990)} 20. O-O-O $1 Rxe5 21. Nb6 Bd7 22. Nxa8 Nc6
23. b4 Nxe4 24. Rhf1 $16) 20. Nf4 Nc5 $44) 12. Ng3 Qd7 (12... Qc8 13. O-O (13.
Bg5 Ne8 {/\ Nd6} 14. Bd5 f6 15. Be3 Bxe3 16. Qxe3 Nd6 $13) 13... Ne8 {/\ Nd6}
14. Bc2 Nd6 15. b3 f6 {/\ Ne7-g6 improving the bad knight's position.} 16. Kh2
Ne7 17. Nh4 Rd8 (17... g5 $6 {unnecessarily weakens >< f5.} 18. Nhf5 Nexf5 19.
exf5 Bf7 20. Ba3 $14 {Mamedov-Filippov, Wch U12 Cannes 1997})) 13. Bg5 Ne8 (
13... Bxb3 $6 {is met by the intermediate move} 14. Bxf6 $1 gxf6 15. axb3 Qe6
16. Nf5 Kh8 17. b4 Rg8 {(Stepovaia Dianchenko-Stjazhkina, RUS-ch (Women) 2000)}
18. O-O $14 {with a wonderful N on f5.}) 14. Rd1 (14. Bxe6 Qxe6 15. O-O f6)
14... Nd6 $11) ({On} 10... Be6 11. Ng5 {is critical} (11. Ng3 Na5 $1 (11... Qd6
{- 10..Qd6}) 12. Bc2 dxe4 13. dxe4 Bc4 14. Qd2 Qxd2+ 15. Nxd2 Be6 $11 {
Vorobiov-Diu, ch-RUS 2002})) (10... Qd6 11. Ng3 d4 (11... Be6 12. Ng5 {The
exchange of this B is usually favourable for White especially for the N.} Ne7
13. O-O Ng6 14. Nh5 Nd7 15. Nxe6 fxe6 16. Be3 Nf6 17. Nxf6+ Rxf6 18. Bxa7 Rxa7
19. g3 c6 20. d4 Rf7 21. Rae1 $14 {Macieja-Acs, Budapest FS02 GM 1996}) 12. O-O
Be6 {- 10...d411.Ng3 Qd6 12.0-0 Be6}) 11. g4 $6 {Since Black didn't commit his
>> by h6, this push is overoptimistic.} (11. Ng3 {is the logical continuation
of the plan.} Qd6 12. O-O Be6 $142 (12... Bd7 {This is not the right place for
the B.} 13. Nh4 Ne7 14. Kh2 dxc3 15. bxc3 Bb5 16. Bc2 Rfd8 17. Rd1 {and Black
cannot emphasise the pressure on >< d3.} Qc5 18. a4 Qxc3 19. Ra3 Qc5 20. axb5
$16 {Jaracz-Krasenkov, POL-ch 58th Warsaw 2001}) 13. Nh4 Ne7 14. Bg5 Ne8 15.
cxd4 Bxd4 16. Bxe7 Qxe7 17. Nhf5 Qd7 18. Bxe6 fxe6 19. Nxd4 Qxd4 {>< d3} 20.
Qc2 Rd8 21. Qb3 Qb6 $11 {Macieja-I.Sokolov, ol (Men) Elista 1998}) 11... Nd7 $1
{/\ Nc5 finding a counterplay in the [+] against White's flank ->.} 12. Ng3 Nc5
13. Bc2 (13. Bd5 dxc3 14. bxc3 Ne7 $17) 13... b5 {/\ dxc3 and b4 getting
control over the vital d4 square.} 14. Nf5 {[#]} dxc3 $1 15. bxc3 b4 $1 {
This is the typical strategy in this P structure. White has created only
weaknesses, he has no chance for an -> on the >>.} 16. Bb2 (16. d4 exd4 $1 (
16... Bxf5 17. dxc5 Bd7 $1 (17... Bg6 18. Ba4 $1)) 17. cxd4 (17. N5xd4 Bd7 $1
18. Nxc6 Bxc6 19. cxb4 Nxe4) 17... Bxf5 18. dxc5 Qf6 19. Rb1 Qc3+ 20. Kf1 Be6
$17 {and White's position is in ruins.}) 16... Ne6 $1 {>< f4 is the next
target.} (16... Bxf5 17. gxf5 bxc3 18. Bxc3 Qd6 19. Rg1) 17. cxb4 Nf4 18. Qd2
Bxf5 19. gxf5 (19. exf5 $2 Qd5) 19... Bd4 20. O-O-O $2 {Now Black gets a
strong -> on the <<.} ({Safer was} 20. Nxd4 Nxd4 21. Bd1 Rb8 22. Bc3 Qd6 23. a3
Rfd8 $44 {but Black's knights may deserve the Holy Gral...}) 20... Bxb2+ 21.
Kxb2 Nxb4 $1 $17 22. d4 Rb8 23. Ka1 (23. dxe5 $2 Qe7 $1 {avoiding the exchange
of Q and keeping the tension on the <<.} (23... Nxc2+ 24. Kxc2 Qe7 (24... Qe8
25. Qxf4 Qa4+ 26. Kd3 Rfd8+ 27. Ke2 Qc4+ {- 24...Nc2}) 25. Qxf4 Qc5+ 26. Kd3
Rfd8+ 27. Ke2 Qc4+ 28. Ke3 Qc3+ 29. Ke2 $11) 24. Bb3 Nbd3+ 25. Kb1 Qa3 $1 26.
Qc2 a5 27. Rxd3 Nxd3 28. Qxd3 a4 $19) 23... exd4 24. Bb1 Qe7 25. e5 $6 {
It is already hard to give a good advice, but this weakens d5 as well.} (25.
Rhg1 g6 26. Rg4 (26. Qxf4 $4 Nc2+ $1 27. Bxc2 Qb4 $19) 26... Nh5 $17) (25. Qxf4
$4 Nc2+ $1 26. Bxc2 Qb4 $19) 25... Nbd5 $1 26. Rhg1 (26. Qxd4 Qa3 $1 $19) 26...
g6 27. Qxd4 Qa3 $1 $19 {and Black's -> crashes through.} 28. fxg6 hxg6 29. e6
Nxe6 30. Qe5 Nc5 31. Bc2 Nc3 0-1

[Event "American Continental 2nd"]
[Site "Buenos Aires"]
[Date "2003.08.29"]
[Round "11"]
[White "Flores, Diego"]
[Black "Shabalov, Alexander"]
[Result "0-1"]
[WhiteElo "2439"]
[BlackElo "2575"]
[Annotator "Lukacs,P"]
[PlyCount "62"]
[EventDate "2003.08.17"]
[EventType "swiss"]
[EventRounds "11"]
[EventCountry "ARG"]
[SourceTitle "CBM 097"]
[Source "ChessBase"]
[SourceDate "2003.11.11"]
[SourceVersion "1"]
[SourceVersionDate "2003.11.11"]
[SourceQuality "1"]

1. e4 e5 2. Nf3 Nc6 3. Bc4 Nf6 4. d3 Bc5 5. c3 d6 6. O-O O-O 7. Bb3 Bb6 {
Black's plan is simple, he prepares the typical N manoeuvre Ne7-g6 followed by
c6, Bc7 in case.} 8. Nbd2 Ne7 9. h3 {If White prepares the typical manoeuvre
Re1 and Nf1 then usually Ng4 may come, therefore h3 is useful in most of the
cases.} (9. Re1 {Shahade-Shliperman, Manhattan March Int 1999 CBM 70}) 9... c6
{against Nc4} 10. Re1 Ng6 11. Nf1 (11. d4 exd4 (11... Bc7 12. Bc2 (12. Nf1 {
allows the equalizing blow in the [+] after} d5 $1 13. Ng3 dxe4 14. Nxe4 Nxe4
15. Rxe4 Bf5 $11) 12... Re8 $5 (12... Qe7 {The Q is more vulnerable here if
the [+] will be opened.} 13. Nc4 Be6 (13... Nh5 {This was not necessary at all.
} 14. Nfxe5 dxe5 15. Qxh5 exd4 16. cxd4 Qb4 17. Nd2 Qxd4 18. Nf3 $14 {
Jaracz-Votava, Duisburg 1992}))) (11... Nh5 {looks premature again.} 12. Nc4
exd4 (12... Bc7 13. dxe5 dxe5 14. Nfxe5) 13. Bg5 Qc7 14. Nxd4 Nhf4 15. Qd2 Bxd4
16. cxd4 Ne6 17. Be3 d5 18. exd5 cxd5 {(Schmaltz-Wehmeier, Lippstadt 1996)} 19.
Ne5 $14) (11... Qe7 12. Bc2 Be6 13. Nf1 Rfe8 14. Ng3 Rad8 (14... h6 15. Be3
Rad8 16. Qc1 $11 {Skembris}) 15. Nf5 (15. Be3 d5 $5) 15... Qf8 16. Bg5 Kh8 $5
17. Nh2 d5 $1 $132 {Djurhuus-Skembris, Skei 1993}) 12. cxd4 d5 {is the active
counterplay in the [+].} 13. exd5 (13. e5 $5 Nh5) 13... cxd5 (13... Nxd5 $5 {
blockading the isolated P deserves attention.}) 14. Nf1 Ne4 {The N is strong
here similarly to the Petroff Defence.} 15. Be3 Be6 16. Rc1 f5 $13 {
Cartagena-Ziatdinov, Koltanowski Team Match 1999}) 11... Nh5 $1 (11... h6 {
is the quiet approach.} 12. Ng3 (12. d4 Re8 13. Ng3 {and the position is
almost symmetrical!} Be6 14. Bc2 {White avoids the exchanges, but his small
central plus is not enough.} (14. Be3 Qc7 15. Bxe6 Rxe6 16. c4 {White wants to
gain more space in the [+], but Black still has a d5 threat.} exd4 17. Nxd4 Re5
{Provocation!} 18. Ndf5 Bxe3 19. Rxe3 d5 20. cxd5 cxd5 21. Rc1 Qd7 22. Qd4 Rae8
23. Rd1 {(Sax-Unzicker, FRG-HUN Oberhausen 1980)} Qc6 $5 24. Qxa7 Nxe4 25. Nxe4
Rxe4 26. Rxe4 Rxe4 $13) 14... Qc7 (14... Qe7 15. Nf5 Qc7 16. Be3 Rad8 17. Qc1
exd4 {weakening White's P formation.} 18. N3xd4 Bxf5 19. exf5 {(Sariego-G.
Hernandez, Capablanca mem B 1995)} Ne5 $5 $13) 15. Be3 Rad8 16. Qe2 d5 $5 {
and Black has everything in order.}) 12... d5 (12... Re8 13. d4 Be6 {- 12.d4})
(12... Be6 13. d4 Re8 {- 12.d4} (13... Nh7 $5 {/\ Qf6 looks a bit a
sophysticated.} 14. Bc2 {/\ Nf5} (14. Be3 $6 Qf6 15. Qe2 Rad8 16. Rad1 Bc8 {
still keeping an eye on >< h3.} 17. Bc2 (17. Nh5 Qe7 18. Nd2 Qh4 19. Rf1 Ng5
20. f4 $13 {Gipslis}) 17... Ng5 18. Nxg5 hxg5 19. dxe5 dxe5 20. Bxb6 axb6 {
and Black has pressure on the dark squares, especially on >< f4.} 21. Qe3 b5
$13 {Gipslis-Dobrovolsky, Bardejovske Kupele 1991}))) 13. Be3 ({White cannot
win the e P by the typical blow:} 13. exd5 Nxd5 14. Nxe5 $2 Nxe5 15. Rxe5 Bxf2+
$1) 13... c5 14. Bc2 Re8 {Black has already space advantage in the [+].} 15.
Qe2 Be6 16. Ba4 Re7 17. Nf5 Rc7 18. Rad1 Qf8 $11 {Knoppert-Mikhalevski, Donner
mem op 1995}) (11... Be6 12. Ng3 h6 {- 11..Be6}) 12. d4 (12. Nxe5 Nxe5 13. Qxh5
{is strongly met by} Nxd3 14. Re2 Qf6 $17 {Neubauer-Baumegger, AUT-ch Mureck
2001}) 12... Nhf4 13. Ng3 Qf6 $2 {[#] This is a typical blunder in this type
of position, even a very strong tactician like Shabalov can overlook it!} (
13... h6 $2 14. Bxf4 exf4 (14... Nxf4 15. dxe5 dxe5 16. Qxd8 Rxd8 17. Nxe5 $16)
15. Nh5 $16) (13... Qe7 $1 14. Nf5 {and only now} (14. Be3 h6 15. Nf5 Qf6 16.
dxe5 dxe5 17. Bxb6 axb6 $11) 14... Qf6 $13 {looked better.}) 14. Nh5 $1 Qe7 (
14... Nxh5 $4 15. Bg5 $18 {captures the Q.}) 15. Nxf4 exf4 {Now White has an
ideal central P formation.} 16. e5 $14 (16. a4 $5) 16... Bc7 (16... d5 17. Bc2
$14) 17. exd6 Qxd6 18. Ng5 $1 {/\ Qh5, Ne4} (18. Bc2 Qf6 19. Be4 Be6 20. Bd2
Rfe8 $14) (18. Bc4 Qf6 $14) 18... h6 (18... Qf6 19. Ne4 $16) 19. Ne4 (19. Nxf7
{is not enough because of} Rxf7 20. Re8+ Nf8 21. Qh5 Qf6 22. Bd2 Rb8 23. Rae1
Bd6 (23... Bd7 $4 24. R8e7) 24. Rd8 Bc7 25. Rde8 Bd6 $11) 19... Qd8 20. Qh5 Kh7
21. Nc5 $2 {One inaccuracy is enough to ruin the whole game.} (21. Bc2 Re8 22.
Bd2 Kg8 23. Bb3 $14 (23. Nf6+ $5 gxf6 24. Bxg6 fxg6 25. Qxg6+ Kf8 26. Qxh6+ Kg8
27. Bxf4 Bxf4 28. Qxf4 $14)) 21... Nh4 $1 {[%mdl 128] Black gives back the
same blow he got before!} 22. Nd3 (22. Bxf7 $4 g6) 22... g6 23. Qe2 Qg5 $1 {
Suddenly Black's |^ on the >> becomes very dangerous.} ({The seemingly logical
} 23... f3 $2 {is not the best way for continuing the ->} 24. Qe3 $1 (24. gxf3
Bxh3 25. Ne5 Qf6 {/\ Be5} (25... Be6 26. Qe4 (26. f4 Bxb3 27. axb3 Bxe5 28.
fxe5 Qd5 $17) 26... Bxe5 27. dxe5 Bxb3 28. axb3 f5 29. exf6 Qxf6 30. Qe7+ Kg8
31. Qxf6 Rxf6 32. Re7 $132) 26. f4 Be6 $15) 24... g5 (24... fxg2 25. Qxh6+ Kg8
26. Re4 (26. Bg5 $4 Nf3+) 26... Nf3+ 27. Kxg2 Bf5 28. Kxf3 Bxe4+ 29. Kxe4 Qf6
30. Nf4 $1 Rfe8+ 31. Kf3 Re1 32. Kg2 Rxc1 33. Nh5 $18) 25. g3 Ng2 26. Qe4+ f5
27. Qe7+ Kh8 28. Qxd8 Bxd8 29. Re5 Bf6 30. Bd1 f4 31. Bxf3 Bxe5 32. Nxe5 Ne1
33. Be4 Bf5 34. Bxf4 $16) 24. g3 (24. g4 h5 $1 25. Qe7 (25. Nc5 hxg4 26. Ne4
Qh6 27. hxg4 (27. Nf6+ $2 Kg7 28. Nxg4 Bxg4 29. Qxg4 (29. hxg4 Rfe8 $19) 29...
Rae8 $19) 27... g5 28. Qd3 Kg7 {/\ f5}) 25... Nf3+ 26. Kh1 hxg4 27. Qxf8 Be6
28. Bxf4 Bxf4 29. Qxa8 gxh3 30. Rg1 Nxg1 31. Rxg1 Bd5+ $19) 24... Bxh3 $1 {[#]}
(24... Nf5 25. Bxf4 Nxg3 26. fxg3 Bxf4 27. Nxf4 Qxg3+ 28. Ng2 Bxh3 29. Qf2 $18)
25. Nxf4 $2 {This is another miscalculation.} (25. Bxf4 {was the best way to
neutralize Black's |^.} Bxf4 26. Nxf4 Bd7 (26... Bg4 27. gxh4 Qxf4 28. Qe4 $16)
27. Qd3 (27. Kh1 Rae8 28. Qc4 (28. Qf1 Kg7) 28... Rxe1+ (28... Rd8 $5 29. Re5
Qf6) 29. Rxe1 Kg7 30. Qb4 Bc8 31. Re5 Qg4 $132) 27... Rfe8 28. Bxf7 (28. Kh1
Qg4 29. Bxf7 Bf5 30. Qf1 Re4 $1 $17) 28... Bf5 29. Rxe8 Rxe8 30. Qd1 Re7 31.
Bc4 Bg4 $44 (31... Be4 32. Be2 Bf3)) 25... Rfe8 $1 $17 26. Ne6 (26. Nxh3 {
sacrificing the Q was more persistant.} Qf5 27. Nf4 Rxe2 28. Rxe2 Bd6 $17)
26... Qf6 27. gxh4 (27. Nf8+ Kg7 $19) 27... Bxe6 $19 {and White's >> is in
ruins.} 28. Be3 Qxh4 29. Qf3 Bf5 30. Qh1 Bh3 31. Bd1 Re4 0-1

[Event "RUS-chT 07th"]
[Site "Smolensk"]
[Date "2000.04.21"]
[Round "7"]
[White "Kovchan, Alexander"]
[Black "Balashov, Yuri S"]
[Result "0-1"]
[WhiteElo "2441"]
[BlackElo "2534"]
[Annotator "Lukacs,P"]
[PlyCount "132"]
[EventDate "2000.04.15"]
[EventType "team-tourn"]
[EventRounds "11"]
[EventCountry "RUS"]
[SourceTitle "CBM 077"]
[Source "ChessBase"]
[SourceDate "2000.07.27"]
[SourceVersion "1"]
[SourceVersionDate "2000.07.27"]
[SourceQuality "1"]
[WhiteTeam "Moscow M. Saulin PRSFI"]
[BlackTeam "Moscow Phoenix"]
[WhiteTeamCountry "RUS"]
[BlackTeamCountry "RUS"]

1. e4 e5 2. Nf3 Nc6 3. Bc4 Bc5 4. O-O Nf6 5. d3 d6 6. c3 a6 7. a4 {White wants
to gain space on the << meanwhile escures his B on the a2-g8 /^.} (7. Bb3 {
is the real main line saving the B from the Na5 plans.}) 7... O-O 8. Nbd2 Ba7 {
This is the typical prophylactic move here. Now White has to decide which plan
to chose.} 9. a5 (9. Re1 Ng4 {Black immediately attacks >< f2 preparing the
opening of the f <-> by Kh8 and f5.} (9... Ne7 {is the quiet positional plan
regrouping the N to g6.} 10. Nf1 c6 11. Bb3 Ng6 12. Be3 Bxe3 (12... Bb8 $5 {
looks sophisticated, but it worked well in the game Speelman-Morozevich,
Moscow PCA-Intel qual 1995. The game went as follows:} 13. Ng3 h6 14. d4 Bc7
15. dxe5 dxe5 16. Bc5 Re8 17. h3 b6 18. Be3 Qe7 19. Nf5 Qf8 20. Nd2 Nf4 $13)
13. Nxe3 Nf4 $11) 10. Re2 Kh8 (10... Bd7 {is less consequent, but still
playable.} 11. Nf1 h6 12. Ng3 Be6 13. Bxe6 fxe6 {This P structure is not bad
for Black, because the f5 and d5 squares are covered and the f <-> is opened.}
14. h3 Nf6 15. Be3 Bxe3 16. Rxe3 Qe8 $11 {Adams-Kula, EU-ch U20 Arnhem 1988})
11. h3 Nh6 12. Nf1 f5 $1 {This is the main idea of Black's setup.} 13. exf5
Nxf5 14. Bg5 Qe8 15. d4 Qg6 16. d5 e4 17. Rxe4 Ne5 18. N1d2 Ng3 $5 (18... h6 {
looks also dangerous for White, for example:} 19. Nxe5 (19. Bh4 Nxh4 20. Rxh4
Qg3 21. Qe2 Nxf3+ 22. Nxf3 Bd7 $17 (22... Rxf3 $4 23. Qxf3 Qxh4 24. Qf8+ Kh7
25. Bd3+ $18)) 19... dxe5 20. Be3 Nxe3 21. fxe3 Bxh3 $19) 19. Rf4 Bxh3 20. gxh3
Rxf4 21. Bxf4 Ne2+ 22. Kh2 Nxf4 23. Qg1 Qf5 $17 {with a strong -> on the dark
squares, Adams-Barua, London NWYM 1989.}) (9. h3 {avoids the -> beginning with
Ng4.} Ne7 10. Re1 Ng6 11. Nf1 c6 12. Ng3 h6 (12... d5 $5 {is worthy of
attention to begin the action in the [+] first.}) 13. Ba2 Re8 14. d4 exd4 (
14... Qc7 15. Qc2 Be6 16. Be3 Bxa2 17. Rxa2 d5 18. dxe5 {(Beshukov-B.Lengyel,
Spring op Budapest 1993)} Nxe5 $11) 15. cxd4 (15. Nxd4 d5 $11) 15... d5 16. e5
Nh7) 9... Kh8 {with the well-known f5 plan} (9... Be6 {is the simplest way.}
10. Qb3 Qd7 11. Re1 Kh8 {with the well-known f5 idea.} 12. Nf1 Ng4 13. Re2 Bxc4
14. Qxc4 f5 $13 {Kovchan-Jirka, Wch U16 Oropesa del Mar 1999}) (9... Ne7 10.
Re1 (10. Ba2 {/\ Nc4} Ng6 11. Nc4 h6 12. h3 Re8 13. Be3 Be6 14. Qa4 {The Q is
doing nothing here.} Qc8 15. Kh2 Nh5 16. Ng1 Nhf4 $17 {with attacking chances
against >< g2 and h3, Kontic-Mastrokoukos, Balkaniad Hania 1989.}) (10. d4 Ng6
(10... Nxe4 $6 {opens up the position for the better developed party.} 11. Nxe4
d5 12. Nxe5 $14) (10... exd4 11. Nxd4 (11. cxd4 d5 12. e5 $5 (12. exd5 Nexd5 {
blockading the isolated P.}) 12... Ne4 13. Nxe4 dxe4 14. Ng5 h6 15. e6 (15.
Nxf7 Rxf7 16. Qb3 Qf8 17. Be3 c6 {parrying the immediate threats.}) 15... f5
$17) 11... Re8 12. Re1 Ng6 {with pressure on e4 and f4.}) 11. Re1 Qe7 12. Qc2
Be6 13. Qb3 Bxc4 14. Qxc4 c6 15. b3 Rad8 16. Ba3 Rfe8 17. h3 Qd7 $15 {
Komljenovic-Koludrovic, Split op 1999}) 10... Ng6 11. Nf1 Re8 12. Bb3 h6 13.
Be3 Be6 14. Bxa7 Rxa7 15. Ng3 c6 16. d4 Ra8 17. Bc2 Qc7 $11 {and in these
positions the a4-a5 moves are not important, Gavrikov-Van der Sterren, OHRA-B
Amsterdam 1987.}) 10. Bb3 Ng8 $1 (10... Nh5 $5 {looks more active, but the N
can be vulnerable here.} 11. Nc4 (11. Nxe5 $4 {immediately loses to} Nxe5 12.
Qxh5 Bg4 $19) (11. d4 {is met by} Nf4) 11... f5 (11... h6 $2 {is already bad
because of} 12. Nfxe5 dxe5 13. Qxh5 Qxd3 14. Nxe5 $18) 12. Nfxe5 $1 {This is
the main threat here.} (12. Ng5 Nf6) (12. Bg5 Qe8) (12. exf5 Bxf5 13. Bg5 Qd7)
12... Nxe5 (12... dxe5 13. Qxh5 Qxd3 14. Bg5 Qxe4 15. Rae1 Qg4 16. Qxg4 fxg4
17. Nxe5 Nxe5 18. Rxe5 Bd7 19. Re7 Bc6 20. Rxc7 Rae8 21. Re7 {with a healthy P
up.}) 13. Nxe5 dxe5 14. Qxh5 Qxd3 15. Bg5 Bc5 (15... Qxe4 $2 16. Be7 $18) 16.
Bf7 $1 {/\ Bg6} Qxe4 17. b4 $1 {This is better than the straightforward} (17.
Bg6 h6 18. Bxh6 Qg4 19. Qxg4 fxg4 20. Be3 $14) 17... Qc6 $1 (17... Bd6 18. Bg6
h6 19. f3 $1 $16) 18. bxc5 g6 19. Bxg6 Qxg6 20. Qxg6 hxg6 21. Rae1 e4 22. f3
Bd7 23. fxe4 fxe4 24. Rxf8+ Rxf8 25. Rxe4 $14 {and White is a P up in a
notorious ^- _|_ with rooks.}) 11. Nc4 (11. Re1 f5 $15) 11... f5 $1 12. exf5 (
12. Bg5 Qe8) (12. Be3 fxe4 13. dxe4 Bg4 14. Ncd2 Bxe3 15. fxe3 Nf6 $15) 12...
Bxf5 {Now Black's pieces are very active, he has threats on the f <-> and in
the [+].} 13. Bg5 (13. Be3 Bg4 14. Ncd2 Nf6 $15) 13... Qe8 ({or} 13... Qd7 14.
Ne3 Bg6 $15) 14. Ne3 $2 {[#] This allows Black to ruin White's >>.} ({However} 
14. Nh4 Be6 15. Qe2 Qf7 16. Be3 Bd5 $15 {was already a bit better for Black.})
14... Bxd3 $1 $17 15. Qxd3 e4 16. Qd5 exf3 17. gxf3 {The P structure is rather
ugly now.} (17. Rfe1 Bxe3 18. Bxe3 (18. Rxe3 Qg6 $19) 18... Qg6 $17) 17... h6
18. Bh4 Bxe3 19. fxe3 Qxe3+ 20. Kh1 Nf6 21. Bxf6 Rxf6 22. Qe4 (22. Ba4 Qc5 $19)
22... Re8 23. Qxe3 Rxe3 $19 {with an extra P in an easy _|_.} 24. Bd5 Rf5 25.
Be4 Rh5 26. Bxc6 Re2 $1 27. Rfe1 Rhxh2+ 28. Kg1 Rhg2+ 29. Kh1 bxc6 30. Rxe2
Rxe2 31. b4 Rc2 32. Re1 Rxc3 33. Re8+ Kh7 34. Ra8 Rxf3 35. Rxa6 Rb3 36. Rxc6
Rxb4 37. Rxc7 Ra4 38. Ra7 d5 39. a6 Ra2 40. Kg1 d4 41. Rd7 Rxa6 42. Rxd4 g5 43.
Rb4 Kg6 44. Kg2 h5 45. Kg3 Ra3+ 46. Kg2 h4 47. Rb6+ Kh5 48. Rb4 h3+ 49. Kh2 g4
50. Rb8 Ra2+ 51. Kg1 Re2 52. Rb5+ Kh4 53. Rb4 Kg3 54. Rb3+ Kf4 55. Rb8 Re4 56.
Kh2 Re2+ 57. Kg1 Kf3 58. Rf8+ Kg3 59. Rf1 Rg2+ 60. Kh1 Rf2 61. Rb1 Re2 62. Kg1
Kf3 63. Rf1+ Ke3 64. Rf8 Rg2+ 65. Kh1 Rf2 66. Rh8 g3 0-1